Loading...
| Science - Chemistry | 0 | 7 | 1 | 1 | 65 | 35 | 73.29 | 0 | 1 | 0.00 | 0.00 |
| Science - Physics | 0 | 6 | 0 | 2 | 60 | 55 | 74.50 | 0 | 3 | 0.00 | 0.00 |
| Science - Biology | 0 | 4 | 0 | 1 | 40 | 70 | 81.00 | 0 | 0 | 0.00 | 0.00 |
| Literature - British | 0 | 2 | 0 | 0 | 20 | 30 | 34.50 | 0 | 2 | 0.00 | 0.00 |
| Science - Other | 0 | 3 | 2 | 0 | 20 | 27 | 51.67 | 1 | 3 | 0.00 | 0.00 |
| Literature - World | 0 | 2 | 0 | 0 | 20 | 47 | 76.50 | 0 | 1 | 0.00 | 0.00 |
| Fine Arts - Other | 0 | 1 | 0 | 0 | 10 | 80 | 80.00 | 0 | 1 | 0.00 | 0.00 |
| Geography | 0 | 1 | 0 | 0 | 10 | 80 | 80.00 | 0 | 1 | 0.00 | 0.00 |
| Literature - American | 0 | 1 | 0 | 0 | 10 | 72 | 72.00 | 1 | 1 | 0.00 | 0.00 |
| Mythology | 0 | 1 | 0 | 1 | 10 | 100 | 100.00 | 0 | 1 | 0.00 | 0.00 |
| Religion | 0 | 1 | 0 | 0 | 10 | 76 | 76.00 | 0 | 0 | 0.00 | 0.00 |
| Social Science | 0 | 1 | 1 | 0 | 5 | 58 | 58.00 | 0 | 1 | 0.00 | 0.00 |
| Literature - European | 0 | 0 | 1 | 0 | -5 | 0.00 | 0 | 0 | 0.00 | 0.00 |